Κατασκευή και επεξεργασία σώματος κειμένων παραμυθιών για παιδιά του δημοτικού : διπλωματική εργασία [πτυχιακή εργασία]

Αποθηκεύτηκε σε:
Λεπτομέρειες βιβλιογραφικής εγγραφής
Κύριος συγγραφέας: Στελλά, Σταματία
Συγγραφή απο Οργανισμό/Αρχή: Πανεπιστήμιο Αιγαίου Σχολή Ανθρωπιστικών Επιστημών Τμήμα Μεσογειακών Σπουδών
Άλλοι συγγραφείς: Φραντζή, Αικατερίνη (Εισηγητής διατριβής)
Μορφή: Thesis Βιβλίο
Γλώσσα:Greek
Δημοσίευση: 2014
Θέματα:
Διαθέσιμο Online:http://hdl.handle.net/11610/8177
Ετικέτες: Προσθήκη ετικέτας
Δεν υπάρχουν, Καταχωρήστε ετικέτα πρώτοι!

MARC

LEADER 00000cam a2200000 i 4500
001 1/57785
008 141010s2014 gre d
035 |l 10119411 
040 |a GR-MY-UA  |b gre  |e aacr 
041 0 |a gre 
082 0 |a 372.642  |2 (22) 
100 1 |a Στελλά, Σταματία. 
245 1 0 |a Κατασκευή και επεξεργασία σώματος κειμένων παραμυθιών για παιδιά του δημοτικού :  |b διπλωματική εργασία [πτυχιακή εργασία] /  |c Στελλά Σταματία ; επιβλέπουσα: Φραντζή Αικατερίνη 
260 |c 2014 
300 |a 95 σ.;  |c 30 εκ. 
500 |a Μέλη εξεταστικής επιτροπής: Κότζογλου Γεώργιος, Γεωργαλλίδου Μαριάνθη 
502 |a Πτυχιακή εργασία – Πανεπιστήμιο Αιγαίου, Ρόδος, 2014. 
504 |a Βιβλιογραφία: σ. 57-63 
650 0 0 |a Storytelling. 
650 0 0 |a Storytelling in education. 
650 0 0 |a Creative thinking. 
650 0 0 |a Digital storytelling. 
650 0 0 |a Linguistics. 
650 0 0 |a Dissertations, Academic  |z Greece. 
700 0 |a Φραντζή, Αικατερίνη.  |4 ths 
710 2 |a Πανεπιστήμιο Αιγαίου  |b Σχολή Ανθρωπιστικών Επιστημών  |b Τμήμα Μεσογειακών Σπουδών. 
852 |a INST  |b RHODES  |c DIATR  |e 20141010  |h 372.642 ΣΤΕ  |p 005400037020  |q 005400037020  |t DIE  |y 23 
852 |a INST  |b RHODES  |c DIATR  |e 20141010  |h 372.642 ΣΤΕ  |p 005400037025  |q 005400037025  |t DIE  |y 23 
856 |u http://hdl.handle.net/11610/8177 
901 |a BIBL4-2014-3 
909 |a Ρ  |b 183349 
909 |a Ρ  |b 183350 
924 |a ΣΤΕΛΛΑ  |b ΣΤΑΜΑΤΙΑ  |y ΡΟΔΟΣ  |z 2014-07 
970 |z 2014/10/10